000 00469cam a2200205ua 4500
001 7809
005 20260515114246.0
008 141224n ii |||gr||||Z||||||ben
040 _cMAIN
041 _aben
082 _a796.358
100 _aDutta, J.,
_eAuthor.
245 1 _aHows that
_cBy Jayanta Dutta
250 _a1st.
260 _aKolkatta:
_bDey,
_c1976.
300 _a86p.
653 _aAthletic & outdoor sports & games
653 _aCricket
942 _cBK
999 _c6924
_d6924